| 000 | 00499nam a2200145 a 4500 | ||
|---|---|---|---|
| 008 | 120416s1973 ||||||||||||||||| || u | ||
| 050 | _aQD 31.2 Cor | ||
| 100 | _aCordes, Eugene H | ||
| 245 | 1 | 0 | _aChemistry |
| 260 |
_aNew York _bHarper & Row _c1973 |
||
| 300 | _axiv, 706p. : ill. | ||
| 350 | _a0.00 | ||
| 650 | 0 | _aCHEMISTRY--HANDBOOKS, MANUALS, ETC | |
| 995 |
_D0.00 _FCBU-MAIN LIBRARY (Kitwe) _H1 _I6.35 _M1 _UDAMAGED _ZMain Library Open Access Collection |
||
| 999 |
_c37176 _d37176 |
||